" And" Idioms #2 - Statistics

General Stats
  • This quiz has been taken 98 times
  • The average score is 12 of 17
Answer Stats
Definition Idiom % Correct
A call to get out of bed Rise and {Shine}
98%
To publicly retell of one's sexual exploits Kiss and {Tell}
96%
Overcoming any obstacle Thick and {Thin}
93%
A large, possibly exorbitant, amount of money An arm and a {Leg}
91%
Used to refer to ordinary people in general Tom, Dick and {Harry}
88%
Brand new / Very clean Spick and {Span}
86%
Plastic surgery term Nip and {Tuck}
81%
Snobby High and {Mighty}
76%
Cuisine that combines both meat and seafood Surf and {Turf}
76%
Definitely alive; lively and active Alive and {Kicking}
70%
Attractive additional features or fittings Bells and {Whistles}
68%
Trickery or deception Smoke and {Mirrors}
65%
One's friends and relations Kith and {Kin}
54%
Honest and straightforward Fair and {Square}
45%
Complete destruction Rack and {Ruin}
43%
Ships' goods which are lost at sea Flotsam and {Jetsam}
41%
To be indecisive Hem and {Haw}
38%
No matching quizzes found
Score Distribution
Percent of People with Each Score
Percentile by Number Answered
Your Score History
You have not taken this quiz